[Event "Elitzur Int Online"]
[Site "Chess.com INT"]
[Date "2020.11.01"]
[Round "2"]
[White "Bernadskiy, Vitaliy"]
[Black "Bin Nun, Peleg"]
[Result "1-0"]
[WhiteElo "2619"]
[BlackElo "1999"]
[PlyCount "51"]
[EventDate "2020.11.01"]
[EventType "swiss (blitz)"]
[EventRounds "11"]
[EventCountry "ISR"]
[SourceTitle "CBM 199 Extra"]
[Source "ChessBase"]
[SourceDate "2021.01.31"]
[SourceVersion "1"]
[SourceVersionDate "2021.01.31"]
[SourceQuality "1"]

1. e4 e6 2. d4 d5 3. Nd2 Nf6 4. e5 Nfd7 5. c3 c5 6. Ngf3 Nc6 7. Be2 cxd4 8. cxd4 f6 9. exf6 Nxf6 10. Nf1 Qb6 11. a3 Bd6 12. Ng3 0-0 13. 0-0 Bd7 14. Bd3 Rac8 15. b4 Bxg3 16. hxg3 Ne4 17. Be3 Be8 18. Bxe4 dxe4 19. Ng5 Nd8 20. d5 Qa6 21. Nxe4 exd5 22. Qxd5+ Bf7 23. Qd2 Nc6 24. Qb2 Rce8 25. Nd6 Rd8 26. Nf5 1-0

[Event "EU-ch Online U2300 Qual"]
[Site "Chess.com INT"]
[Date "2020.05.25"]
[Round "4"]
[White "Bin Nun, Peleg"]
[Black "Sevdimaliyev, Urfan"]
[Result "0-1"]
[WhiteElo "2004"]
[BlackElo "2369"]
[PlyCount "136"]
[EventDate "2020.05.25"]
[EventType "swiss"]
[EventRounds "8"]
[EventCountry "NET"]
[SourceTitle "EXT 2021"]
[Source "ChessBase"]
[SourceDate "2020.10.23"]
[SourceVersion "1"]
[SourceVersionDate "2020.10.23"]
[SourceQuality "1"]

1. e4 c5 2. Nf3 Nc6 3. Bb5 d6 4. 0-0 Bd7 5. c3 Nf6 6. Re1 a6 7. Ba4 c4 8. Bc2 Bg4 9. h3 Bh5 10. g4 Bg6 11. a4 e5 12. Na3 Na5 13. d4 cxd3 14. Bxd3 Be7 15. b4 Nc6 16. Nc4 h5 17. g5 Nh7 18. h4 f6 19. Kh1 fxg5 20. Nxg5 Nxg5 21. Bxg5 Bxg5 22. hxg5 0-0 23. Qd2 Rf4 24. Rg1 Qd7 25. Rg2 Qh3+ 26. Kg1 Rh4 27. Kf1 d5 28. Nb6 Rd8 29. Qe3 Qxe3 30. fxe3 Rh1+ 31. Rg1 Rxg1+ 32. Kxg1 Bxe4 33. Be2 g6 34. Rd1 Ne7 35. c4 d4 36. exd4 exd4 37. Bd3 Bxd3 38. Rxd3 Nc6 39. Nd5 Kg7 40. b5 axb5 41. axb5 Ne5 42. Rd1 Nxc4 43. Rxd4 Ne3 44. Nf4 Rxd4 45. Ne6+ Kf7 46. Nxd4 Nd5 47. Kf2 Nf4 48. Ke3 Ne6 49. Nf3 Ke7 50. Ne5 Nxg5 51. Nxg6+ Kd6 52. Kf4 Ne6+ 53. Ke4 b6 54. Nh4 Kc5 55. Ke5 Ng7 56. Kf6 Ne8+ 57. Kg5 Kxb5 58. Kxh5 Kc4 59. Nf5 b5 60. Kg4 b4 61. Ne3+ Kd3 62. Kf3 b3 63. Nd1 Kc2 64. Ne3+ Kc1 65. Nc4 Nd6 66. Ne5 Kc2 67. Nc6 b2 68. Nb4+ Kb3 0-1